000 00558nam a2200169 4500
001 131457
003 ES-MaACL
005 20251004063152.0
007 t|
008 070214m19391942dr r ||||1| spa d
100 1 _aRodríguez Demorizi, Emilio,
_d1908-1986
_998490
245 1 0 _aHostos en Santo Domingo /
_cEmilio Rodríguez Demorizi.
260 _aCiudad Trujillo :
_b[s. n.],
_c1939-42 (
_fImp. J. R. Vda. García Sucs.)
300 _a2 t., 1 lám. = retr. aut. ;
_c25 cm.
852 _aES-MaACL
_jB-4936-37
_bR.29104
999 _c131457
_d131457